000 00392nam a2200145Ia 4500
008 231129s2010||||xx |||||||||||||| ||spa||
020 _a978-958-8293-68-4
040 _bspa
082 _a306.7 S237s
100 _aSantos Flavia Dos
245 0 _aSexo sin misterio
260 _c2010
264 _aBogotá Colombia : Villegas Editores
942 _2ddc
_cBKS
999 _c24529
_d24529